[Event "Runavik Open 2018"]
[Site "Runavik"]
[Date "2018.11.13"]
[Round "2"]
[White "Korneev, Oleg"]
[Black "Kjartansson, Gudmundur"]
[Result "1-0"]
[WhiteElo "2551"]
[BlackElo "2423"]
[Annotator "TA"]
[PlyCount "78"]
[EventDate "2018.11.12"]
[EventType "swiss"]
[EventCountry "FAI"]
[SourceTitle "playchess.com"]
[Source "ChessBase"]
[SourceQuality "1"]

{[%evp 14,78,-6,-10,21,16,36,27,34,-6,0,0,4,-22,8,0,8,6,0,-22,-8,-7,-2,0,0,-17,-20,-26,0,0,0,0,0,0,0,0,0,-34,-24,-43,-38,-36,0,0,0,-18,100,0,76,68,206,172,247,279,254,261,254,231,414,265,297,298,1025,1011,985,970,964]} 1. e4 e5 2. Bc4 Nf6 3. d3 c6 4. Nf3 d5 5. Bb3 a5 {[%cal Ba7a5,Ba5a4][%mdl 32]} 6. a3 {C24: Bishop's Opening: 2...Nf6} (6. a4 Bb4+ 7. c3 Bd6 8. exd5 Nxd5 9. O-O O-O 10. Re1 Re8 11. Bg5 f6 12. Bh4 Be6 13. Nbd2 Nd7 {0-1 (46) Nabaty,T (2692)-Fridman,D (2591) Batumi 2018}) 6... a4 7. Ba2 Bd6 8. Nc3 {[%cal Re4d5] LiveBook: 39 Games. The position is equal.} Ra5 9. Bg5 Be6 10. O-O h6 $146 ({Predecessor:} 10... Nbd7 11. d4 h6 12. Bxf6 Qxf6 13. Qe1 b6 14. dxe5 Nxe5 15. Nxe5 Bxe5 16. exd5 cxd5 17. Bxd5 {1-0 (23) Inkiov,V (2517)-Meinsohn,P (2243) Lyon 2006}) 11. Bd2 O-O 12. Re1 Nbd7 13. h3 d4 14. Ne2 Ra6 15. Bxe6 fxe6 16. Nexd4 exd4 17. e5 Bc7 {Threatens to win with ...Nd5.} 18. exf6 Qxf6 19. Re4 e5 20. Qe2 b5 21. Re1 c5 22. c3 Rc6 23. cxd4 cxd4 24. Bb4 Rc8 25. Rg4 Qf7 26. Re4 Bb8 27. Qd1 Rc2 28. R4e2 Qb3 29. Rxc2 Rxc2 (29... Qxc2 $11 30. g3 Qxd1 31. Rxd1 Kf7) 30. Nh4 ({Better is} 30. Nxd4 $1 $16 exd4 31. Re8+ Kh7 32. Qf3 Rc1+ 33. Be1) 30... Rc6 {[#]} (30... Nf6 $11 {keeps the balance.}) 31. Qf3 $1 $36 {[%cal Rf3c6][%mdl 2048] White has the initiative.} Rf6 (31... Rc2 $1 $14) 32. Nf5 $18 {aiming for Qg4.} Kh8 {[#]} (32... Qe6 $142) 33. Qb7 $1 {[%cal Rb7d7]} Qe6 {[#]} 34. Nxd4 $1 {[%mdl 512]} Qf7 (34... exd4 35. Rxe6) 35. Nf3 ({Worse is} 35. Qxb5 Ba7 $15) 35... Rf4 $2 (35... Rb6 {is a better defense.} 36. Qa8 Qg8) 36. d4 e4 37. Rxe4 Rxf3 $2 (37... Rxe4 38. Qxe4 Nf6) 38. gxf3 Qg6+ 39. Kf1 Qf5 {Precision: White = 57%, Black = 33%.} 1-0

[Event "Runavik Open 2018"]
[Site "Runavik"]
[Date "2018.11.13"]
[Round "2"]
[White "Malakhatko, Vadim"]
[Black "Karpatchev, Aleksandr"]
[Result "1/2-1/2"]
[WhiteElo "2545"]
[BlackElo "2416"]
[Annotator "TA"]
[PlyCount "69"]
[EventDate "2018.11.12"]
[EventType "swiss"]
[EventCountry "FAI"]
[SourceTitle "playchess.com"]
[Source "ChessBase"]
[SourceQuality "1"]

{[%evp 27,69,8,7,8,21,12,68,-9,-13,-18,-8,-15,10,-3,19,19,24,5,3,0,11,11,11,11,11,11,11,11,15,15,15,5,11,1,1,1,1,1,1,1,8,0,8,0]} 1. Nf3 d5 2. d4 Nf6 3. c4 dxc4 4. e3 a6 5. Bxc4 e6 6. O-O c5 7. dxc5 Qxd1 8. Rxd1 Bxc5 9. b3 b6 10. Bb2 Nbd7 11. Nbd2 Bb7 12. Rac1 O-O 13. Be2 {D27: Queen's Gambit Accepted: Classical main line: 7 e4!? and 7 a4} Rac8 (13... Rfd8 14. Nc4 Bd5 15. Bd4 Rac8 16. Bxc5 Rxc5 17. Nce5 Bxf3 18. Nxf3 Rxc1 19. Rxc1 a5 20. Rc6 {½-½ (40) Nepomniachtchi,I (2705)-Nakamura,H (2816) Baku 2015}) 14. Nc4 Rfd8 {LiveBook: 5 Games} 15. Nfe5 h6 (15... Be7 {looks sharper.} 16. Bd4 Nxe5 17. Nxe5 b5 18. a4 bxa4 19. bxa4 Nd5) 16. Nxd7 {[#]} Nxd7 $146 ({Black should try} 16... Rxd7 $11 17. Rxd7 Nxd7) ({Predecessor:} 16... Rxd7 17. Rxd7 Nxd7 18. Rd1 Bc6 19. a4 Bb4 20. Nd6 Rd8 21. Nc4 Rc8 22. Nd6 Rd8 23. Nc4 Rc8 24. Nd6 Rd8 {½-½ (24) Nepomniachtchi,I (2705)-Balogh,C (2645) Reykjavik 2015}) 17. Ne5 ({White should play} 17. Nd6 $14 Bxd6 18. Rxd6) 17... Nxe5 $11 18. Bxe5 Rxd1+ 19. Rxd1 Ba3 20. Bd3 Rc1 21. Rxc1 Bxc1 {[%mdl 4096] Endgame KBB-KBB} 22. Kf1 Ba3 {The position is equal.} 23. Bd4 Bc5 24. Bxc5 bxc5 {KB-KB} 25. g3 Kf8 26. Ke2 Ke7 27. Kd2 Kd6 28. Kc3 a5 29. f4 f6 30. Bc4 e5 31. Be2 Bd5 32. Bb5 Bb7 33. Bd3 Bd5 34. Bb5 Bb7 35. Bd3 {Precision: White = 19%, Black = 51%.} 1/2-1/2

[Event "Runavik Open 2018"]
[Site "Runavik"]
[Date "2018.11.13"]
[Round "2"]
[White "Maiorov, Nikita"]
[Black "Fjallheim, Leif Reinert"]
[Result "1-0"]
[WhiteElo "2510"]
[BlackElo "1919"]
[Annotator "TA"]
[PlyCount "51"]
[EventDate "2018.11.12"]
[EventType "swiss"]
[EventCountry "FAI"]
[SourceTitle "playchess.com"]
[Source "ChessBase"]
[SourceQuality "1"]

{[%evp 22,51,47,43,48,43,44,45,97,51,68,48,54,56,56,60,178,184,191,192,468,459,899,883,800,690,1014,991,1469,1319,29997,29998]} 1. d4 Nf6 2. c4 g6 3. Nf3 Bg7 4. g3 d6 5. Bg2 O-O 6. O-O Nbd7 7. Nc3 c6 8. e4 e5 9. b3 Re8 10. h3 exd4 11. Nxd4 Nc5 12. Re1 $1 {LiveBook: 283 Games. E69: King's Indian: Fianchetto: 6...Nbd7 7 0-0 e5 8 e4 c6 9 h3} Ne6 (12... h6 13. Rb1 a5 14. Bf4 Nh7 15. Qd2 Ng5 16. h4 Bxd4 17. Qxd4 Nge6 18. Qxd6 Nxf4 19. Qxd8 Rxd8 20. gxf4 Nd3 21. Red1 Bg4 22. f3 {½-½ (22) Lajthajm,B (2539)-Markus,R (2610) Subotica 2014}) 13. Be3 Nxd4 14. Bxd4 {White is slightly better.} Be6 (14... c5 $14 15. Be3 Ng4) 15. Qc2 Qc8 $146 ({Predecessor:} 15... Qd7 16. Bxf6 Bxf6 17. Kh2 Rad8 18. Rad1 Qc7 19. Rd2 Qa5 {1-0 (45) Hughes,D (2011)-Pasik,R Stillwater 2009}) 16. h4 Bh3 17. Rad1 Bxg2 18. Kxg2 d5 (18... Qe6 $14) 19. exd5 $18 ({Don't do} 19. cxd5 $6 cxd5 20. Qe2 (20. exd5 Rxe1 21. Rxe1 Nxd5 $11) 20... dxe4 $14) 19... Rxe1 20. Rxe1 Nxd5 $2 {[#]} (20... Qd7 {was worth a try.} 21. Qd1 Re8 22. Rxe8+ Nxe8 23. Bxg7 Nxg7) 21. Bxg7 ({Less strong is} 21. cxd5 Bxd4 22. Ne2 Bf6 $14) 21... Nb4 (21... Nf4+ $142 22. Kf3 h5) 22. Qd2 Kxg7 23. Ne4 Qf8 24. Qc3+ f6 {[#]} 25. Nxf6 $1 {[%mdl 512]} Qxf6 26. Re7+ $1 {Precision: White = 78%, Black = 22%.} 1-0

[Event "Runavik Open 2018"]
[Site "Runavik"]
[Date "2018.11.13"]
[Round "2"]
[White "Miezis, Normunds"]
[Black "Hojgaard, Brandur"]
[Result "1-0"]
[WhiteElo "2477"]
[BlackElo "1708"]
[Annotator "TA"]
[PlyCount "61"]
[EventDate "2018.11.12"]
[EventType "swiss"]
[EventCountry "FAI"]
[SourceTitle "playchess.com"]
[Source "ChessBase"]
[SourceQuality "1"]

{[%evp 16,61,24,0,14,0,10,-12,5,0,53,40,60,60,133,110,89,30,83,73,161,168,157,157,162,143,164,165,173,131,208,192,221,211,224,220,423,422,424,422,1635,1572,29982,29982,29981,1558,29980,29980]} 1. c4 Nf6 2. Nc3 e5 3. g3 Nc6 4. Bg2 Bc5 5. a3 a6 6. e3 Ba7 7. Nge2 O-O 8. O-O d6 9. d3 {LiveBook: 28 Games. A22: English Opening: 1...e5 2 Nc3 Nf6} Rb8 10. h3 Bd7 11. Kh2 $146 {The position is equal.} ({Predecessor:} 11. b4 b5 12. Bb2 Ne7 13. cxb5 axb5 14. d4 Ng6 15. Qc2 exd4 16. Nxd4 Ne5 {1-0 (70) Navara,D (2660)-Movsesian,S (2632) Czechia 2006}) 11... Ne7 12. e4 Ne8 (12... b5 $11) 13. f4 f5 14. d4 Nc6 (14... Bxd4 $14 15. Nxd4 exd4 16. Qxd4 fxe4) 15. fxe5 dxe5 16. d5 ({White should play} 16. dxe5 $16 {Strongly threatening Qd5+.} Nxe5 17. Bf4) 16... Ne7 (16... Nd4 $11) 17. b4 $36 {[%mdl 2048] Keeping Black busy.} Nd6 (17... b6 $16) 18. c5 $18 Nxe4 19. Nxe4 fxe4 20. Nc3 Bf5 21. Be3 (21. Bxe4 $6 Bxe4 22. Rxf8+ Qxf8 $14) 21... Bg6 22. Qb3 {[#] Black must now prevent d6+.} ({Much less strong is} 22. Nxe4 $6 Rxf1 23. Qxf1 Nxd5 $16) 22... Nf5 (22... Kh8 $16 {was worth a try.}) 23. Nxe4 Nxe3 24. Rxf8+ ({But not} 24. Qxe3 $6 b6) 24... Qxf8 25. Qxe3 Bxe4 $2 (25... Qe7 26. Rd1 a5) 26. Qxe4 ({Less strong is} 26. Bxe4 b6 $16) 26... Qe7 27. Rf1 b6 {[#]} (27... Qe8 $142 28. Rf5 Qg6 29. Qxe5 c6) 28. d6 $1 {[%mdl 512]} cxd6 29. Qd5+ Kh8 30. Rf7 (30. cxd6 $142 Qd8 31. Rf7 e4 32. Rxa7 a5 33. Re7 h6 34. Qe5 Qf8 35. d7) 30... Qe8 31. cxd6 {Precision: White = 54%, Black =  4%.} 1-0

[Event "Runavik Open 2018"]
[Site "Runavik"]
[Date "2018.11.13"]
[Round "2"]
[White "Nielsen, Hogni Egilstoft"]
[Black "Sivuk, Vitaly"]
[Result "1/2-1/2"]
[WhiteElo "2400"]
[BlackElo "2551"]
[Annotator "TA"]
[PlyCount "101"]
[EventDate "2018.11.12"]
[EventType "swiss"]
[EventCountry "FAI"]
[SourceTitle "playchess.com"]
[Source "ChessBase"]
[SourceQuality "1"]

{[%evp 16,101,49,57,51,32,45,52,58,20,66,49,66,28,38,26,38,40,49,31,33,26,38,10,14,11,16,6,10,10,14,14,19,0,2,-22,-22,-22,7,17,19,19,19,19,22,14,22,0,0,0,0,0,2,0,17,7,7,7,87,93,79,43,66,30,52,27,27,27,34,33,33,0,0,0,0,0,0,0,0,0,0,0,0,0,0,0,0,0]} 1. e4 c5 2. Nf3 d6 3. Bb5+ Nd7 4. O-O Ngf6 5. Re1 a6 6. Bf1 g6 {B51: Sicilian: Moscow Variation (3 Bb5+) without 3...Bd7} (6... b6 7. d4 cxd4 8. Qxd4 Bb7 9. Nc3 e6 10. Bg5 Be7 11. Rad1 Qc7 12. a4 Rc8 13. h3 O-O 14. Qe3 h6 15. Bh4 Rfd8 16. Bg3 {0-1 (26) Bacrot,E (2708)-Karjakin,S (2781) Paris 2017}) 7. c3 Bg7 8. d4 O-O 9. a4 {LiveBook: 5 Games} b6 10. Nbd2 cxd4 $146 ({Predecessor:} 10... Bb7 11. Bd3 Qc7 12. Qe2 cxd4 13. cxd4 e5 14. dxe5 dxe5 {0-1 (35) Pozzi,E (2255)-Trabattoni,F (2310) Lombardia 1990}) 11. cxd4 Bb7 12. b3 Rc8 13. Ba3 Rc7 14. Rc1 Rxc1 15. Qxc1 Qa8 {[%cal Rf6e4]} 16. Qb1 Rc8 17. Bd3 Nh5 18. g3 Nhf6 19. Rc1 Rxc1+ 20. Bxc1 Bh6 21. Ba3 Nf8 {[%cal Bd7f8,Bf8e6,Be6c5][%mdl 32]} 22. Qc2 Ne6 23. d5 Nc5 24. Be2 Qc8 25. Bd1 a5 26. Bxc5 bxc5 27. Nc4 Qc7 28. Nfd2 Bxd2 29. Nxd2 Ba6 30. Qc3 Qb6 31. Bc2 Ng4 32. h3 Ne5 33. Kg2 g5 34. Nf3 f6 35. Nxe5 dxe5 36. Bd3 Bc8 (36... Bxd3 $11 37. Qxd3 Qb4) 37. Bc4 Kg7 38. Qf3 Bd7 39. Qd3 Be8 40. g4 h5 41. Bb5 Bg6 42. Qc4 h4 43. f3 Kf8 {The position is equal.} 44. Bc6 Be8 45. Bxe8 Kxe8 $11 {[%mdl 4096] Endgame KQ-KQ} 46. Kf2 Kd7 47. Ke3 Kd6 48. Kd3 Qb7 49. Kc3 Qb6 $1 50. Kd3 Qb7 51. Kc3 {Precision: White = 57%, Black = 71%.} 1/2-1/2

[Event "Runavik Open 2018"]
[Site "Runavik"]
[Date "2018.11.13"]
[Round "2"]
[White "Nielsen, Rogvi Egilstoft"]
[Black "Bernadskiy, Vitaliy"]
[Result "0-1"]
[WhiteElo "2339"]
[BlackElo "2544"]
[Annotator "TA"]
[PlyCount "66"]
[EventDate "2018.11.12"]
[EventType "swiss"]
[EventCountry "FAI"]
[SourceTitle "playchess.com"]
[Source "ChessBase"]
[SourceQuality "1"]

{[%evp 9,66,8,15,9,19,1,30,0,0,0,0,-20,-18,-10,33,-47,-45,-38,-35,-56,0,-114,-35,-83,-46,-22,-8,-8,-8,-8,-8,-8,0,0,0,0,0,0,0,0,0,-92,0,0,0,-46,-29,-528,-528,-547,-549,-604,-604,-604,-604,-29991,-29992,-29997,-29998]} 1. e4 g6 2. Nf3 Bg7 3. Bc4 c6 4. Nc3 d6 {[%cal Bd7d6,Bd6d5,Bd5d4,Bd4d3][%mdl 32]} 5. a3 (5. O-O e6 6. Re1 Ne7 7. d4 b5 8. Bd3 b4 9. Ne2 Nd7 10. Bf4 Qc7 11. Qd2 Rb8 12. c3 bxc3 13. Nxc3 {1-0 (36) Wang,C (2498)-Lalith,B (2572) Manila 2013}) 5... Nf6 6. Ba2 $146 {B06: Modern Defence} ({Predecessor:} 6. h3 O-O 7. d3 Nbd7 8. Bg5 b5 9. Ba2 Bb7 10. Qd2 Qc7 11. O-O-O d5 12. Rde1 {1-0 (47) Netz,H (1205)-Grueneberg,I (1244) Dortmund 2001}) 6... O-O 7. O-O d5 8. Re1 {White has an edge.} d4 9. Nb1 c5 10. b4 cxb4 11. axb4 d3 12. Nc3 (12. e5 $14 Nh5 13. Bc4) 12... Bg4 $15 13. e5 Nh5 14. Bd5 Nc6 (14... Nd7 $15) 15. cxd3 (15. Bxc6 $1 $11 {keeps the balance.} bxc6 16. cxd3) 15... Nxb4 ({Better is} 15... Nxe5 $1 $17 {Hoping for ...Nf4.} 16. Bxb7 Rb8) 16. Bxb7 Nxd3 (16... Rb8 {feels hotter.} 17. Be4 Bxf3 18. Bxf3 Nxd3 19. Re4 Bxe5 20. Bxh5 Bd4) 17. Bxa8 Nxe1 18. Qxe1 {[#] And now Ra4 would win.} Qxa8 19. Qe3 Bxf3 20. gxf3 a6 21. d4 Rd8 22. Ba3 Bf8 23. Bc5 Ng7 24. Qe4 Qc8 25. Nd5 {[#]} (25. Ne2 $11 {remains equal.}) 25... Nf5 (25... Ne6 $1 $17 {[%cal Re6g5] aiming for ...Ng5.} 26. Nxe7+ Bxe7 27. Bxe7 Rxd4) 26. Nb6 $11 Qc7 {Threatens to win with ...e6.} 27. Rxa6 e6 28. Na8 $2 {[%mdl 8192]} (28. Ra8 $11) 28... Qc8 $19 29. Ra5 Bxc5 30. dxc5 Rd1+ 31. Kg2 Qd8 {( -> ...Qg5+)} 32. Ra2 Qg5+ 33. Kh3 Rg1 {Precision: White = 49%, Black = 60%.} 0-1

[Event "Runavik Open 2018"]
[Site "Runavik"]
[Date "2018.11.13"]
[Round "2"]
[White "Jacobsen, Heidrikur T."]
[Black "Papin, Vasily"]
[Result "0-1"]
[WhiteElo "1935"]
[BlackElo "2483"]
[Annotator "TA"]
[PlyCount "70"]
[EventDate "2018.11.12"]
[EventType "swiss"]
[EventCountry "FAI"]
[SourceTitle "playchess.com"]
[Source "ChessBase"]
[SourceQuality "1"]

{[%evp 16,70,70,64,86,60,132,139,134,64,125,87,85,85,83,89,88,75,72,41,48,37,45,5,74,47,50,0,0,-11,-16,-31,-16,-20,-27,-53,-58,-106,-93,-99,-61,-114,-116,-145,-162,-168,-153,-220,-228,-232,-225,-227,-230,-222,-213,-636,-635]} 1. e4 c5 2. Nf3 Nc6 3. Nc3 e6 4. g3 a6 5. Bg2 Qc7 6. d4 cxd4 7. Nxd4 Nge7 8. Nb3 d6 9. f4 {LiveBook: 4 Games. B47: Sicilian: Taimanov: 5 Nc3 Qc7 6 f4, 6 g3 and 6 Be2} (9. O-O g6 10. Be3 Bg7 11. Na4 b5 12. Nb6 Rb8 13. Nxc8 Nxc8 14. c3 Nb6 15. Qe2 Nc4 16. Bf4 O-O {0-1 (47) Timofeev,A (2564)-Laznicka,V (2670) Jerusalem 2015 CBM 166 [Laznicka,V]}) 9... b5 $146 ({Predecessor:} 9... Bd7 10. Be3 Nc8 11. Qe2 Be7 12. a4 O-O 13. O-O Rb8 14. a5 Nb4 15. f5 Re8 16. f6 gxf6 {1-0 (32) Dourerassou,J (2460)-Roser,K (2423) Paris 2012}) 10. Be3 g6 {[#]} (10... Bb7 $14) 11. Qd2 $1 $16 {White is clearly better.} Bb7 12. O-O (12. O-O-O $16) 12... Nc8 (12... Bg7 $14) 13. Qf2 Bg7 14. Rad1 O-O 15. e5 d5 16. Nc5 {And now Rxd5! would win.} N8e7 17. Nxb7 Qxb7 18. Bc5 Rac8 19. b4 Nd8 (19... Nb8 $1 $11) 20. Ne2 Qc7 21. Nd4 (21. c3 {feels hotter.} Nb7 22. Bb6 Qd7 23. Rfe1 Rc4 24. Rd4) 21... Nb7 22. Nb3 (22. Ba7 {is more complex.} Ra8 23. Nb3 Rfc8 24. Rc1 Qc3 25. a3) 22... Nxc5 23. Nxc5 a5 24. a3 Ra8 25. Qe2 Rfb8 26. Rb1 Bf8 27. Qf2 Nc8 {[%cal Be7c8,Bc8b6,Bb6c4][%mdl 32]} 28. Nd3 (28. f5 $15 gxf5 29. g4 axb4 30. axb4 Bxc5 31. bxc5) 28... Nb6 $17 29. g4 Nc4 30. Rb3 {[#]} Qa7 $1 31. Nc5 (31. Re1 $17 {was worth a try.}) 31... Rc8 $19 32. Kh1 axb4 33. axb4 Bxc5 34. bxc5 Qxc5 ({Don't take} 34... Rxc5 35. Re1 $17) 35. Qh4 $2 (35. h3) 35... Ne3 {Precision: White = 30%, Black = 67%.} 0-1

[Event "Runavik Open 2018"]
[Site "Runavik"]
[Date "2018.11.13"]
[Round "2"]
[White "Schadd, Jan"]
[Black "Fjallheim, Benjamin Reinert"]
[Result "1-0"]
[WhiteElo "1842"]
[BlackElo "1340"]
[Annotator "NA RC"]
[PlyCount "86"]
[EventDate "2018.11.12"]
[EventType "swiss"]
[EventCountry "FAI"]
[SourceTitle "playchess.com"]
[Source "ChessBase"]
[SourceQuality "1"]
[TimeControl "40/5400+30:900+30"]

{[%evp 8,76,121,32767,32767,151,315,322,32767,285,305,301,280,32767,32767,32767,320,297,287,32767,302,304,319,264,267,283,279,32767,32767,32767,286,32767,32767,32767,276,32767,32767,32767,32767,32767,262,256,285,310,32767,32767,377,431,32767,32767,32767,450,32767,32767,32767,453,32767,32767,32767,32767,397,32767,495,570,32767,529,503,590,32767,667,570]} 1. Nf3 {[%emt 0:00:00]} Nc6 {[%emt 0:01:48]} 2. d4 {[%emt 0:00:00]} e6 {[%emt 0:01:00]} 3. e4 {[%emt 0:00:01]} g6 {[%emt 0:00:37]} 4. d5 {[%emt 0:03:05]} exd5 {[%emt 0:00:57]} 5. exd5 {[%emt 0:00:22]} Nce7 {[%emt 0:00:32]} 6. d6 {[%emt 0:03:18]} Nf5 {[%emt 0:02:24]} (6... cxd6 {is a better defense.} 7. Qd4 (7. Qxd6 Nc6 $14) 7... f6) 7. Qe2+ {[%emt 0:00:33]} Nge7 {[%emt 0:03:42]} 8. dxe7 {[%emt 0:00:41]} Qxe7 {[%emt 0:00:46]} 9. Bg5 {[%emt 0:02:46]} Qxe2+ {[%emt 0:00:44]} 10. Bxe2 {[%emt 0:00:07]} Bg7 {[%emt 0:00:29]} 11. Nc3 {[%emt 0:00:32]} c6 {[%emt 0:01:11]} 12. O-O-O {[%emt 0:08:27]} O-O {[%emt 0:00:53]} 13. g4 {[%emt 0:04:58]} Nh6 {[%emt 0:02:03]} 14. h3 {[%emt 0:01:21]} f6 {[%emt 0:00:37]} 15. Be3 {[%emt 0:01:31]} d5 {[%emt 0:00:40]} 16. Rhe1 {[%emt 0:03:02]} Nf7 {[%emt 0:01:17]} 17. Bc5 {[%emt 0:07:51]} Re8 {[%emt 0:00:46]} 18. Bf1 {[%emt 0:01:25]} Ne5 {[%emt 0:01:48]} 19. Nxe5 {[%emt 0:01:32]} fxe5 {[%emt 0:00:44]} 20. f4 {[%emt 0:01:31]} e4 {[%emt 0:00:42]} 21. Bd4 {[%emt 0:04:10]} Bh6 {[%emt 0:00:29]} 22. g5 {[%emt 0:00:33]} Bf8 {[%emt 0:00:12]} 23. Be5 {[%emt 0:03:04]} h5 {[%emt 0:00:51]} 24. Ne2 {[%emt 0:11:43]} Bc5 {[%emt 0:03:06]} 25. Nd4 {[%emt 0:02:17]} Bxd4 {[%emt 0:03:53]} 26. Rxd4 {[%emt 0:00:36]} b5 {[%emt 0:00:49]} 27. b3 {[%emt 0:01:19]} Be6 {[%emt 0:01:44]} 28. c4 {[%emt 0:03:25]} a6 {[%emt 0:00:39]} 29. cxd5 {[%emt 0:03:36]} cxd5 {[%emt 0:00:23]} 30. Kb2 {[%emt 0:00:37]} Rac8 {[%emt 0:00:49]} 31. Rc1 {[%emt 0:00:15]} Rxc1 {[%emt 0:00:23]} 32. Kxc1 {[%emt 0:00:08]} Rc8+ {[%emt 0:00:06]} 33. Kb2 {[%emt 0:03:08]} Kf7 {[%emt 0:00:51]} 34. a4 {[%emt 0:00:18]} Rc5 {[%emt 0:01:11]} 35. b4 {[%emt 0:02:48]} Rc8 {[%emt 0:01:33]} 36. axb5 {[%emt 0:00:41]} axb5 {[%emt 0:00:35]} 37. Bxb5 {[%emt 0:01:16]} Bxh3 {[%emt 0:00:46]} 38. Rxd5 {[%emt 0:01:22]} h4 $18 {[%emt 0:00:52]} 39. Bd7 {[%emt 0:02:53]} Bxd7 {[%emt 0:00:52]} 40. Rxd7+ {[%emt 0:00:00]} Ke6 {[%emt 0:00:00]} 41. Rh7 {[%emt 0:00:55]} e3 {[%emt 0:01:18]} 42. Rxh4 {[%emt 0:00:26]} Rc4 {[%emt 0:01:18]} 43. f5+ {[%emt 0:01:52]} Kd5 1-0

[Event "Runavik Open 2018"]
[Site "Runavik"]
[Date "2018.11.13"]
[Round "2"]
[White "Pinheiro Diamant, Jonatan"]
[Black "Jacobsen, Markus"]
[Result "1-0"]
[WhiteElo "1789"]
[BlackElo "1076"]
[Annotator "NA RC"]
[PlyCount "47"]
[EventDate "2018.11.12"]
[EventType "swiss"]
[EventCountry "FAI"]
[SourceTitle "playchess.com"]
[Source "ChessBase"]
[SourceQuality "1"]
[TimeControl "40/5400+30:900+30"]

1. e4 {[%emt 0:00:00]} e6 {[%emt 0:00:00]} 2. d4 {[%emt 0:00:00]} d5 {[%emt 0:00:07]} 3. Bd3 {[%emt 0:00:00]} c5 {[%emt 0:00:58]} 4. exd5 {[%emt 0:00:00]} exd5 {[%emt 0:01:41]} 5. Nf3 {[%emt 0:00:14]} Nc6 {[%emt 0:01:28]} 6. O-O {[%emt 0:01:27]} Nf6 {[%emt 0:01:15]} 7. Re1+ {[%emt 0:02:43]} Be6 {[%emt 0:01:24]} 8. Bf5 {[%emt 0:11:11]} Qd7 {[%emt 0:05:28]} 9. dxc5 {[%emt 0:05:59]} O-O-O {[%emt 0:01:37]} 10. Bxe6 {[%emt 0:03:23]} fxe6 {[%emt 0:00:26]} 11. Nd4 {[%emt 0:04:19]} Re8 {[%emt 0:03:51]} 12. Nxc6 {[%emt 0:02:11]} Qxc6 {[%emt 0:01:27]} 13. b4 {[%emt 0:00:50]} b6 {[%emt 0:01:42]} 14. cxb6 {[%emt 0:01:14]} Qxb6 {[%emt 0:01:11]} 15. a3 {[%emt 0:08:05]} Rd8 {[%emt 0:02:26]} 16. Qe2 {[%emt 0:02:57]} Ne4 {[%emt 0:06:13]} 17. Nd2 {[%emt 0:02:06]} Qd4 {[%emt 0:01:49]} 18. Qa6+ {[%emt 0:04:46]} Kb8 {[%emt 0:01:09]} 19. Nxe4 {[%emt 0:00:49]} dxe4 {[%emt 0:00:56]} 20. Be3 {[%emt 0:02:02]} Qd7 {[%emt 0:01:45]} 21. Bf4+ {[%emt 0:02:20]} Ka8 {[%emt 0:01:45]} 22. Qc4 {[%emt 0:02:59]} Rg8 {[%emt 0:02:18]} 23. Qxe4+ {[%emt 0:01:25]} Qb7 {[%emt 0:00:33]} 24. Qxe6 {[%emt 0:01:36]} 1-0

[Event "Runavik Open 2018"]
[Site "Runavik"]
[Date "2018.11.13"]
[Round "2"]
[White "Olsen, Kaj"]
[Black "Petersen, Elias"]
[Result "1-0"]
[WhiteElo "1718"]
[BlackElo "1045"]
[Annotator "NA RC"]
[PlyCount "55"]
[EventDate "2018.11.12"]
[EventType "swiss"]
[EventCountry "FAI"]
[SourceTitle "playchess.com"]
[Source "ChessBase"]
[SourceQuality "1"]
[TimeControl "40/5400+30:900+30"]

1. e4 {[%emt 0:01:47]} e5 {[%emt 0:00:00]} 2. Nf3 {[%emt 0:00:20]} Nc6 {[%emt 0:00:11]} 3. Bb5 {[%emt 0:02:50]} Bc5 {[%emt 0:00:41]} 4. O-O {[%emt 0:01:43]} d6 {[%emt 0:00:29]} 5. h3 {[%emt 0:00:33]} Bd7 {[%emt 0:00:29]} 6. c3 {[%emt 0:01:29]} a6 {[%emt 0:00:53]} 7. Ba4 {[%emt 0:00:51]} b5 {[%emt 0:03:33]} 8. Bb3 {[%emt 0:00:24]} h6 {[%emt 0:01:37]} 9. d4 {[%emt 0:03:24]} Bb6 {[%emt 0:01:13]} 10. Re1 {[%emt 0:06:33]} Nf6 {[%emt 0:00:44]} 11. Qd3 {[%emt 0:02:08]} O-O {[%emt 0:02:55]} 12. dxe5 {[%emt 0:03:43]} Nxe5 {[%emt 0:00:38]} 13. Nxe5 {[%emt 0:00:18]} dxe5 {[%emt 0:00:14]} 14. Qg3 {[%emt 0:00:26]} Nh5 {[%emt 0:00:55]} 15. Qxe5 {[%emt 0:02:35]} Nf6 {[%emt 0:00:29]} 16. Qg3 {[%emt 0:01:44]} Nh5 {[%emt 0:00:50]} 17. Qg6 {[%emt 0:02:32]} Kh8 {[%emt 0:07:43]} 18. Qxh5 {[%emt 0:00:54]} Qf6 {[%emt 0:00:37]} 19. Be3 {[%emt 0:01:13]} Bxe3 {[%emt 0:00:19]} 20. Rxe3 {[%emt 0:00:34]} a5 {[%emt 0:00:39]} 21. a3 {[%emt 0:00:33]} Kh7 {[%emt 0:01:09]} 22. Rf3 {[%emt 0:01:54]} Qe7 {[%emt 0:00:25]} 23. Rxf7 {[%emt 0:01:16]} Rxf7 {[%emt 0:00:14]} 24. Qxf7 {[%emt 0:00:14]} Qxf7 {[%emt 0:00:48]} 25. Bxf7 {[%emt 0:00:08]} Rf8 {[%emt 0:00:51]} 26. Bb3 {[%emt 0:00:26]} Re8 {[%emt 0:00:33]} 27. Nd2 {[%emt 0:00:09]} Bc6 {[%emt 0:00:18]} 28. f3 {[%emt 0:01:06]} 1-0